[Event "Sharjah Cup (Women) 12th"]
[Site "Sharjah"]
[Date "2022.12.15"]
[Round "8"]
[White "Al Khelaifi, Kholoud"]
[Black "Dobrynina, Aleksandra"]
[Result "0-1"]
[WhiteElo "1489"]
[BlackElo "2042"]
[PlyCount "59"]
[EventDate "2022.12.09"]
[EventType "swiss"]
[EventRounds "9"]
[EventCountry "UAE"]
[SourceTitle "CBM 211 Extra"]
[Source "ChessBase"]
[SourceDate "2023.01.31"]
[SourceVersion "1"]
[SourceVersionDate "2023.01.31"]
[SourceQuality "1"]

1. d4 d5 2. c4 e6 3. Nc3 c6 4. Nf3 dxc4 5. e3 b5 6. a3 Bb7 7. Be2 Nf6 8. 0-0 Be7 9. b3 cxb3 10. Qxb3 Nbd7 11. Bd2 a6 12. Rfc1 Rb8 13. Qc2 c5 14. dxc5 Nxc5 15. Rab1 Nce4 16. Nxb5 axb5 17. Bxb5+ Kf8 18. Bb4 Bxb4 19. axb4 Nd6 20. Rd1 Bxf3 21. gxf3 Rxb5 22. Qd3 Rd5 23. Qa6 Qc8 24. Qb6 Nd7 25. Qa7 Qb7 26. Qa4 Ke7 27. Rdc1 Ra8 28. Qc2 Rg5+ 29. Kf1 Qb5+ 30. Ke1 0-1

[Event "Sharjah Cup (Women) 12th"]
[Site "Sharjah"]
[Date "2022.12.11"]
[Round "4"]
[White "Allam, Yara"]
[Black "Dobrynina, Aleksandra"]
[Result "1-0"]
[WhiteElo "1881"]
[BlackElo "2042"]
[PlyCount "81"]
[EventDate "2022.12.09"]
[EventType "swiss"]
[EventRounds "9"]
[EventCountry "UAE"]
[SourceTitle "CBM 211 Extra"]
[Source "ChessBase"]
[SourceDate "2023.01.31"]
[SourceVersion "1"]
[SourceVersionDate "2023.01.31"]
[SourceQuality "1"]

1. e4 e6 2. d4 d5 3. Nc3 Bb4 4. e5 c5 5. a3 Bxc3+ 6. bxc3 Ne7 7. Nf3 b6 8. Be2 Ba6 9. 0-0 Bxe2 10. Qxe2 Nbc6 11. a4 cxd4 12. cxd4 Na5 13. Nd2 Rc8 14. Nb3 Nc4 15. a5 bxa5 16. Bd2 Nc6 17. Ra4 0-0 18. Rfa1 Qb6 19. Bc3 Rb8 20. h3 Rfc8 21. Kh2 h6 22. Kg1 a6 23. Kh2 Qb5 24. Qd1 Nb6 25. R4a3 Nxe5 26. dxe5 Rxc3 27. Nd4 Qc4 28. Rxa5 Qc7 29. Qe2 Nc4 30. Rxa6 Nxe5 31. Kh1 Nc4 32. Qe1 Nb2 33. Ra7 Qc8 34. Qe5 Rc4 35. Nxe6 Qxe6 36. Qxb8+ Kh7 37. Qxb2 Qf5 38. c3 d4 39. Qb3 Rxc3 40. Qxf7 Rxh3+ 41. Kg1 1-0

[Event "Sharjah Cup (Women) 12th"]
[Site "Sharjah"]
[Date "2022.12.10"]
[Round "2"]
[White "Rouda Essa, Alserkal"]
[Black "Dobrynina, Aleksandra"]
[Result "1/2-1/2"]
[WhiteElo "1775"]
[BlackElo "2042"]
[PlyCount "122"]
[EventDate "2022.12.09"]
[EventType "swiss"]
[EventRounds "9"]
[EventCountry "UAE"]
[SourceTitle "CBM 211 Extra"]
[Source "ChessBase"]
[SourceDate "2023.01.31"]
[SourceVersion "1"]
[SourceVersionDate "2023.01.31"]
[SourceQuality "1"]

1. e4 e6 2. d4 d5 3. Nd2 b6 4. Bd3 Nf6 5. e5 Nfd7 6. Ne2 Ba6 7. Bxa6 Nxa6 8. 0-0 c5 9. c3 Be7 10. f4 g6 11. Ng3 b5 12. Qf3 Qb6 13. Nb3 cxd4 14. cxd4 Rc8 15. Be3 Rc4 16. Rf2 0-0 17. f5 exf5 18. Qxd5 Rd8 19. Qf3 Nb4 20. Raf1 Nc2 21. Rxc2 Rxc2 22. Kh1 Qe6 23. d5 Nxe5 24. dxe6 Nxf3 25. exf7+ Kxf7 26. gxf3 Rxb2 27. Bxa7 Rxa2 28. Bg1 Bf6 29. Rb1 Rd5 30. Nf1 f4 31. Nfd2 Rdxd2 32. Nxd2 Rxd2 33. Rxb5 h5 34. Rb7+ Ke6 35. Rb6+ Ke5 36. Bc5 g5 37. Bb4 Rd1+ 38. Kg2 Bd8 39. Bc3+ Kd5 40. Rh6 Kc4 41. Bf6 Bxf6 42. Rxf6 Rd5 43. Rh6 h4 44. Kh3 Kd3 45. Kg4 Ke3 46. h3 Rd1 47. Re6+ Kf2 48. Kxg5 Kxf3 49. Kxh4 Rg1 50. Ra6 Re1 51. Ra4 Re4 52. Ra2 Rd4 53. Rb2 Rd8 54. Rb3+ Ke4 55. Rb4+ Rd4 56. Rb3 Rd3 57. Rb4+ Ke5 58. Rb5+ Rd5 59. Rb4 Rd4 60. Rb5+ Ke4 61. Rb3 Ke5 1/2-1/2

[Event "RUS-chT Rapid (Women)"]
[Site "Sochi"]
[Date "2022.10.18"]
[Round "1.8"]
[White "Kovanova, Baira"]
[Black "Dobrynina, Aleksandra"]
[Result "1-0"]
[WhiteElo "2317"]
[BlackElo "2042"]
[PlyCount "45"]
[EventDate "2022.10.18"]
[EventType "team-swiss (rapid)"]
[EventRounds "9"]
[EventCountry "RUS"]
[SourceTitle "CBM 210 Extra"]
[Source "ChessBase"]
[SourceDate "2022.11.30"]
[SourceVersion "1"]
[SourceVersionDate "2022.11.30"]
[SourceQuality "1"]
[WhiteTeam "Yugra (W)"]
[BlackTeam "Moscow 50 Region (W)"]
[WhiteTeamCountry "RUS"]
[BlackTeamCountry "RUS"]

1. e4 e6 2. d4 d5 3. Nc3 Bb4 4. e5 Ne7 5. Nf3 c5 6. Bd2 Nf5 7. a3 cxd4 8. axb4 dxc3 9. Bxc3 0-0 10. Bd3 Nh4 11. 0-0 Nc6 12. b5 Nxf3+ 13. Qxf3 Ne7 14. Ra4 Ng6 15. Rfa1 Qc7 16. Qh5 b6 17. Rh4 h6 18. Rg4 Rd8 19. Rxg6 fxg6 20. Qxg6 Rd7 21. Qh7+ Kf8 22. Bb4+ Re7 23. Bg6 1-0

[Event "Cheliabinsk Variation-B"]
[Site "Cheliabinsk"]
[Date "2022.04.02"]
[Round "2"]
[White "Bodnaruk, Kseniya"]
[Black "Dobrynina, Aleksandra"]
[Result "0-1"]
[WhiteElo "1873"]
[BlackElo "2041"]
[PlyCount "68"]
[EventDate "2022.04.01"]
[EventType "swiss"]
[EventRounds "9"]
[EventCountry "RUS"]
[SourceTitle "CBM 207 Extra"]
[Source "ChessBase"]
[SourceDate "2022.05.31"]
[SourceVersion "1"]
[SourceVersionDate "2022.05.31"]
[SourceQuality "1"]

1. e4 c6 2. d4 d5 3. Nc3 dxe4 4. Nxe4 Nf6 5. Nxf6+ exf6 6. c3 Bd6 7. Bd3 Na6 8. Qc2 h5 9. Ne2 Nc7 10. Bd2 Kf8 11. c4 Be6 12. f4 Bg4 13. 0-0 Ne6 14. Be3 Bc7 15. Rad1 h4 16. h3 Bh5 17. Be4 Qe7 18. Rd2 Re8 19. Nc3 g6 20. Bd3 Ng5 21. Bf2 Bxf4 22. Bxh4 Bxd2 23. Qxd2 Qe3+ 24. Qxe3 Rxe3 25. Bxg5 fxg5 26. Be4 f5 27. g4 Kg7 28. gxf5 Rf8 29. Kg2 Be2 30. f6+ Kf7 31. Rh1 Re8 32. Bb1 Bf3+ 33. Kh2 Re2+ 34. Nxe2 Rxe2+ 0-1

[Event "Cheliabinsk Variation-B"]
[Site "Cheliabinsk"]
[Date "2022.04.01"]
[Round "1"]
[White "Dobrynina, Aleksandra"]
[Black "Sargsyan, Anna M"]
[Result "0-1"]
[WhiteElo "2041"]
[BlackElo "2395"]
[PlyCount "76"]
[EventDate "2022.04.01"]
[EventType "swiss"]
[EventRounds "9"]
[EventCountry "RUS"]
[SourceTitle "CBM 207 Extra"]
[Source "ChessBase"]
[SourceDate "2022.05.31"]
[SourceVersion "1"]
[SourceVersionDate "2022.05.31"]
[SourceQuality "1"]

1. d4 Nf6 2. c4 g6 3. Nc3 d5 4. e3 Bg7 5. Qb3 e6 6. Nf3 0-0 7. Be2 b6 8. cxd5 exd5 9. 0-0 Be6 10. Qc2 Nbd7 11. b3 Re8 12. Ba3 a6 13. Rac1 Qb8 14. h3 Qb7 15. Na4 Rec8 16. Qc6 Qa7 17. Rfd1 Rab8 18. Ng5 Bf8 19. Bxf8 Nxf8 20. Nxe6 Nxe6 21. Nb2 Re8 22. Bf3 Rbd8 23. Nd3 Rd6 24. Qc2 a5 25. Ne5 c5 26. dxc5 bxc5 27. Ng4 Nxg4 28. Bxg4 f5 29. Bf3 Red8 30. Qc3 d4 31. exd4 cxd4 32. Qc4 Kh8 33. Re1 Qd7 34. Bc6 Qf7 35. Re5 Rc8 36. Rc5 Qf8 37. Qe2 Nxc5 38. Qe5+ Qf6 0-1

[Event "Motiva Online Blitz (Women)"]
[Site "Chess.com INT"]
[Date "2021.12.18"]
[Round "4"]
[White "Dobrynina, Aleksandra"]
[Black "Babiy, Olga"]
[Result "0-1"]
[WhiteElo "2041"]
[BlackElo "2259"]
[PlyCount "68"]
[EventDate "2021.12.18"]
[EventType "swiss (blitz)"]
[EventRounds "13"]
[EventCountry "USA"]
[SourceTitle "CBM 205 Extra"]
[Source "ChessBase"]
[SourceDate "2022.01.31"]
[SourceVersion "1"]
[SourceVersionDate "2022.01.31"]
[SourceQuality "1"]

1. d4 d5 2. c4 dxc4 3. e3 Nf6 4. Bxc4 e6 5. Nf3 a6 6. 0-0 b5 7. Bb3 Bb7 8. Nc3 c5 9. Qe2 Nbd7 10. Rd1 Qb8 11. dxc5 Nxc5 12. Bc2 Bd6 13. h3 0-0 14. e4 Ncd7 15. Bg5 Bf4 16. Bxf4 Qxf4 17. e5 Bxf3 18. gxf3 Nxe5 19. Be4 Nxe4 20. fxe4 Nf3+ 21. Kg2 Nh4+ 22. Kh1 f5 23. Rg1 b4 24. exf5 bxc3 25. Qxe6+ Kh8 26. Qd7 Qf3+ 27. Kh2 Qxf2+ 28. Kh1 Qf3+ 29. Kh2 Qe2+ 30. Kh1 Qe4+ 31. Kh2 Qe5+ 32. Rg3 Nxf5 33. Rag1 Nxg3 34. Rxg3 Rf2+ 0-1

[Event "RUS-chT (Women)"]
[Site "Sochi"]
[Date "2020.11.28"]
[Round "9.4"]
[White "Mukhina, Jana"]
[Black "Dobrynina, Aleksandra"]
[Result "1-0"]
[WhiteElo "2012"]
[BlackElo "2060"]
[PlyCount "119"]
[EventDate "2020.11.19"]
[EventType "team-swiss"]
[EventRounds "9"]
[EventCountry "RUS"]
[SourceTitle "CBM 199 Extra"]
[Source "ChessBase"]
[SourceDate "2021.01.31"]
[SourceVersion "1"]
[SourceVersionDate "2021.01.31"]
[SourceQuality "1"]
[WhiteTeam "Kursk Region Amazons (W)"]
[BlackTeam "Moscow Region (W)"]
[WhiteTeamCountry "RUS"]
[BlackTeamCountry "RUS"]

1. e4 e6 2. d4 d5 3. Nd2 c5 4. exd5 exd5 5. Ngf3 Nf6 6. Bb5+ Bd7 7. Bxd7+ Nbxd7 8. 0-0 Be7 9. dxc5 Nxc5 10. Nd4 Qd7 11. N2b3 Nce4 12. Qf3 0-0 13. Nf5 Bd8 14. Be3 Rc8 15. c3 Re8 16. Bd4 Qb5 17. Nxg7 Rf8 18. Nh5 Qc6 19. Nxf6+ Bxf6 20. Qg4+ Kh8 21. f3 Bxd4+ 22. Nxd4 Nf6 23. Nxc6 Nxg4 24. Nxa7 Ra8 25. fxg4 Rxa7 26. Rf5 d4 27. cxd4 Ra4 28. Rd5 Rb4 29. b3 Ra8 30. Rd7 Kg8 31. h3 b6 32. Kf2 Kf8 33. Ke3 Rxb3+ 34. axb3 Rxa1 35. Rb7 Rg1 36. Kf3 Rd1 37. Ke4 Rg1 38. Rxb6 Rxg2 39. Rh6 Kg7 40. Rh5 Rb2 41. Rb5 Rh2 42. Rg5+ Kf6 43. Rf5+ Kg6 44. Rf3 f6 45. Kd5 h6 46. b4 Rb2 47. Kc4 Kf7 48. Rb3 Rc2+ 49. Kd5 Ke7 50. b5 Kd7 51. b6 Kc8 52. b7+ Kb8 53. Kd6 Rc4 54. d5 h5 55. gxh5 Rh4 56. Kc6 Rc4+ 57. Kb6 f5 58. d6 Rd4 59. Kc5 Rd1 60. h6 1-0

[Event "RUS-chT rapid (Women)"]
[Site "Sochi"]
[Date "2019.10.19"]
[Round "8.3"]
[White "Nechaeva, Marina"]
[Black "Dobrynina, Aleksandra"]
[Result "1-0"]
[WhiteElo "2366"]
[BlackElo "2060"]
[PlyCount "57"]
[EventDate "2019.10.18"]
[EventType "team-tourn (rapid)"]
[EventRounds "9"]
[EventCountry "RUS"]
[SourceTitle "CBM 192 Extra"]
[Source "Chessbase"]
[SourceDate "2019.11.06"]
[SourceVersion "1"]
[SourceVersionDate "2019.11.06"]
[SourceQuality "1"]
[WhiteTeam "Ugra (W)"]
[BlackTeam "Moscow Region (W)"]
[WhiteTeamCountry "RUS"]
[BlackTeamCountry "RUS"]

1. d4 Nf6 2. c4 g6 3. Nf3 Bg7 4. g3 0-0 5. Bg2 d6 6. 0-0 Nc6 7. Nc3 a6 8. e3 Rb8 9. Qe2 e5 10. dxe5 Nxe5 11. Nxe5 dxe5 12. Rd1 Qe7 13. Nd5 Nxd5 14. cxd5 e4 15. h3 h5 16. Qc4 Re8 17. a4 h4 18. g4 b6 19. Bd2 Bxb2 20. Bb4 b5 21. axb5 axb5 22. Qb3 Qf6 23. Ra7 Be5 24. Qc2 Qg5 25. Kh1 f5 26. d6 cxd6 27. Qc7 Be6 28. Qh7+ Kf8 29. Bxd6+ 1-0

[Event "Kolomna op-B"]
[Site "Kolomna"]
[Date "2012.10.01"]
[Round "8"]
[White "Dobrynina, Aleksandra"]
[Black "Lauda, Alexandr"]
[Result "1-0"]
[WhiteElo "2043"]
[BlackElo "1991"]
[PlyCount "119"]
[EventDate "2012.09.27"]
[EventType "swiss"]
[EventRounds "9"]
[EventCountry "RUS"]
[SourceTitle "EXT 2013"]
[Source "ChessBase"]
[SourceDate "2012.11.22"]
[SourceVersion "1"]
[SourceVersionDate "2012.11.22"]
[SourceQuality "1"]

1. d4 Nf6 2. c4 e6 3. g3 Bb4+ 4. Bd2 Be7 5. Bg2 d5 6. Nf3 Ne4 7. Nc3 f5 8. 0-0 c6 9. Bf4 Nd7 10. Rc1 0-0 11. Re1 Ndf6 12. Ne5 g5 13. Be3 Nxc3 14. bxc3 Ne4 15. f3 Nd6 16. cxd5 f4 17. Bf2 exd5 18. e4 fxe3 19. Bxe3 Bf5 20. Qe2 Bf6 21. c4 Bxe5 22. dxe5 Nxc4 23. Rxc4 dxc4 24. Qxc4+ Qd5 25. Qxd5+ cxd5 26. Bxg5 Kf7 27. h3 Rac8 28. g4 Be6 29. f4 Rg8 30. Bh4 h5 31. f5 hxg4 32. fxe6+ Kxe6 33. Bg3 Rc3 34. Kh2 Rh8 35. Re2 b5 36. Rd2 d4 37. Rxd4 Rxg3 38. Kxg3 gxh3 39. Bxh3+ Kxe5 40. Rd7 a6 41. Ra7 Rh6 42. Bc8 Rc6 43. Ra8 a5 44. Rb8 b4 45. Rb5+ Kd4 46. Bf5 Rc3+ 47. Kf2 Ra3 48. Be6 Kc3 49. Ke2 a4 50. Rc5+ Kb2 51. Kd2 b3 52. axb3 axb3 53. Rb5 Ra6 54. Rxb3+ Ka1 55. Bc4 Rb6 56. Ra3+ Kb2 57. Ra2+ Kb1 58. Kc3 Rh6 59. Ra8 Rc6 60. Rh8 1-0

[Event "Kaluga Tsiolkovsky Memorial op"]
[Site "Kaluga"]
[Date "2012.08.02"]
[Round "4"]
[White "Skripchenko, Vladimir N"]
[Black "Dobrynina, Aleksandra"]
[Result "0-1"]
[WhiteElo "1814"]
[BlackElo "2023"]
[PlyCount "56"]
[EventDate "2012.07.30"]
[EventType "swiss"]
[EventRounds "9"]
[EventCountry "RUS"]
[SourceTitle "EXT 2014"]
[Source "ChessBase"]
[SourceDate "2013.11.20"]
[SourceVersion "1"]
[SourceVersionDate "2013.11.20"]
[SourceQuality "1"]

1. e4 e6 2. d4 d5 3. e5 c5 4. c3 Nc6 5. Nf3 Bd7 6. Be2 Rc8 7. 0-0 a6 8. Nbd2 cxd4 9. cxd4 Nge7 10. Nb3 Nf5 11. Bd2 Be7 12. Rc1 0-0 13. Bd3 f6 14. g4 fxe5 15. dxe5 Nh4 16. Nxh4 Nxe5 17. Rxc8 Qxc8 18. Bc3 Nxd3 19. Qxd3 Bxh4 20. Be5 Bb5 21. Qh3 Bxf1 22. Qxh4 Be2 23. Qg5 Rf7 24. Qd2 Bxg4 25. f4 Qc4 26. Nd4 Qxa2 27. Qc1 Qc4 28. Qd2 Qa4 0-1

[Event "Dmitrov op"]
[Site "Dmitrov"]
[Date "2012.07.25"]
[Round "2"]
[White "Dobrynina, Aleksandra"]
[Black "Berezin, Viktor"]
[Result "1/2-1/2"]
[WhiteElo "2023"]
[BlackElo "2124"]
[PlyCount "47"]
[EventDate "2012.07.25"]
[EventType "swiss"]
[EventRounds "9"]
[EventCountry "RUS"]
[SourceTitle "CBM 149 Extra"]
[Source "ChessBase"]
[SourceDate "2012.08.24"]
[SourceVersion "1"]
[SourceVersionDate "2012.08.24"]
[SourceQuality "1"]

1. d4 Nf6 2. c4 g6 3. Nc3 d5 4. e3 Bg7 5. h3 0-0 6. Nf3 c6 7. Bd3 h6 8. 0-0 Be6 9. c5 Nbd7 10. Qc2 b6 11. cxb6 axb6 12. Na4 Rc8 13. b4 c5 14. bxc5 bxc5 15. dxc5 Ne4 16. Bb2 Ndxc5 17. Nxc5 Rxc5 18. Qe2 Qa5 19. Bxg7 Kxg7 20. Bxe4 dxe4 21. Nd4 Bc4 22. Qb2 e5 23. Nb3 Qb4 24. Rfc1 1/2-1/2

[Event "Kimry-ch 60th"]
[Site "Kimry"]
[Date "2012.01.03"]
[Round "2"]
[White "Ustinov, Alexey"]
[Black "Dobrynina, Aleksandra"]
[Result "1/2-1/2"]
[WhiteElo "2131"]
[BlackElo "2008"]
[PlyCount "84"]
[EventDate "2012.01.02"]
[EventType "swiss"]
[EventRounds "9"]
[EventCountry "RUS"]
[SourceTitle "CBM 146 Extra"]
[Source "ChessBase"]
[SourceDate "2012.02.29"]
[SourceVersion "1"]
[SourceVersionDate "2012.02.29"]
[SourceQuality "1"]

1. e4 e6 2. e5 d5 3. exd6 Bxd6 4. d4 Nf6 5. Bg5 0-0 6. Nf3 Nbd7 7. Nc3 h6 8. Bh4 c5 9. Be2 a6 10. d5 exd5 11. Nxd5 Qa5+ 12. b4 Qd8 13. a3 Be7 14. Nxe7+ Qxe7 15. 0-0 cxb4 16. axb4 Qxb4 17. Bd3 b5 18. Bg3 Ne4 19. Rb1 Qe7 20. Re1 f5 21. Bxe4 fxe4 22. Qd5+ Qf7 23. Qxa8 exf3 24. Qxf3 Qxf3 25. gxf3 Rxf3 26. Re8+ Rf8 27. Rbe1 Nf6 28. Rxf8+ Kxf8 29. Bd6+ Kg8 30. Re7 Bf5 31. Be5 Bxc2 32. Bxf6 gxf6 33. Ra7 b4 34. Rxa6 b3 35. Rb6 Kg7 36. Kg2 Kg6 37. Kf3 Kg5 38. Ke3 h5 39. f3 Kh4 40. Kd2 f5 41. Rh6 Kg5 42. Rh8 Kh4 1/2-1/2

[Event "Dmitrov op"]
[Site "Dmitrov"]
[Date "2011.07.30"]
[Round "3"]
[White "Popelyshev, Igor Viktorovich"]
[Black "Dobrynina, Aleksandra"]
[Result "1-0"]
[WhiteElo "2176"]
[BlackElo "1968"]
[PlyCount "73"]
[EventDate "2011.07.29"]
[EventType "swiss"]
[EventRounds "9"]
[EventCountry "RUS"]
[SourceTitle "CBM 143 Extra"]
[Source "ChessBase"]
[SourceDate "2011.08.29"]
[SourceVersion "1"]
[SourceVersionDate "2011.08.29"]
[SourceQuality "1"]

1. Nf3 g6 2. e4 Bg7 3. d4 d6 4. Nc3 Nd7 5. Be3 e5 6. Qd2 c6 7. 0-0-0 Ngf6 8. dxe5 dxe5 9. Nxe5 Nxe4 10. Nxe4 Bxe5 11. Nd6+ Bxd6 12. Qxd6 Qe7 13. Bc4 Qxd6 14. Rxd6 Nb6 15. Bxb6 axb6 16. Re1+ Kf8 17. Rd8+ Kg7 18. Rxh8 Kxh8 19. Re7 b5 20. Bxf7 b6 21. Re8+ Kg7 22. Be6 Bxe6 23. Rxa8 Bd5 24. f3 b4 25. Kd2 h5 26. h4 Kf6 27. Ke3 g5 28. hxg5+ Kxg5 29. b3 b5 30. Rh8 Bf7 31. g3 Be6 32. Kd4 Bf5 33. Rxh5+ Kxh5 34. g4+ Bxg4 35. fxg4+ Kxg4 36. Kc5 Kf3 37. Kxc6 1-0

[Event "Kimry Spring op"]
[Site "Kimry"]
[Date "2011.05.02"]
[Round "8"]
[White "Dobrynina, Aleksandra"]
[Black "Shidlovski, Yuri"]
[Result "1-0"]
[WhiteElo "1911"]
[BlackElo "1955"]
[PlyCount "127"]
[EventDate "2011.04.29"]
[EventType "swiss"]
[EventRounds "8"]
[EventCountry "RUS"]
[SourceTitle "CBM 142 Extra"]
[Source "ChessBase"]
[SourceDate "2011.06.27"]
[SourceVersion "1"]
[SourceVersionDate "2011.06.27"]
[SourceQuality "1"]

1. d4 d5 2. c4 c6 3. Nf3 e6 4. e3 Nf6 5. Nc3 Bd6 6. b3 0-0 7. Bb2 Nbd7 8. g3 Re8 9. Bg2 Nf8 10. 0-0 Ng6 11. Ne2 Ne4 12. Qc2 Qe7 13. Ne5 Nf6 14. h3 Nf8 15. f4 N6d7 16. e4 dxe4 17. Qxe4 Rd8 18. Rad1 Nf6 19. Qc2 Bc7 20. g4 N6d7 21. Ng3 Nxe5 22. dxe5 Bd7 23. Ne4 Be8 24. Qc3 Qh4 25. Nd6 Rab8 26. f5 Qh6 27. Bc1 Qh4 28. fxe6 Nxe6 29. Nf5 Bb6+ 30. Kh1 Rxd1 31. Nxh4 Rbd8 32. Qc2 Rxf1+ 33. Bxf1 Nd4 34. Qe4 c5 35. Bg2 Bc6 36. Qe3 Nc2 37. Qg1 Nb4 38. Bxc6 Nxc6 39. Bf4 Nd4 40. Qf2 Ba5 41. Nf5 Ne6 42. Ne7+ Kf8 43. Nd5 b5 44. Be3 bxc4 45. Bxc5+ Kg8 46. bxc4 Ng5 47. Qe3 h6 48. Be7 Rb8 49. Bxg5 hxg5 50. Qxg5 Rb7 51. Kg2 Rb2+ 52. Kf3 Rxa2 53. Nf6+ Kf8 54. Nh5 g6 55. Nf4 Ra4 56. Qf6 Kg8 57. Qc6 Ra3+ 58. Ke4 Bb6 59. Nd3 Ra2 60. c5 Ba5 61. Qb5 Bd2 62. c6 Rc2 63. Qb8+ Kg7 64. c7 1-0